L'Aplicació de la llei reguladora d'hisendes locals : ponències presentades a les jornades d'estudi organitzades per la Diputació de Barcelona... ponències presentades a les jornades d'estudi organitzades per la Diputació de Barcelona...
ISBN:
84-7794-061-4
Publicado:
[Barcelona :
Diputació de Barcelona, Àrea de Règim Interior, Hisenda i Planificació] ,
1989
Descripción Física:
141 p. ; 30 cm
MARC
| LEADER | 00000nam a2200000Ia 4500 | ||
|---|---|---|---|
| 001 | 8785 | ||
| 008 | 160829s1989 xx 000 0 cat d | ||
| 020 | |a 84-7794-061-4 | ||
| 080 | |a D-1-4 | ||
| 245 | |a L'Aplicació de la llei reguladora d'hisendes locals : |b ponències presentades a les jornades d'estudi organitzades per la Diputació de Barcelona... | ||
| 260 | |a [Barcelona : |b Diputació de Barcelona, Àrea de Règim Interior, Hisenda i Planificació], |c 1989 | ||
| 300 | |a 141 p. ; |c 30 cm | ||
| 590 | |a Conté el text de la llei. | ||
| 590 | |a A la coberta: Jornades sobre l'aplicació de la llei reguladora d'hisendes locals | ||
| 650 | |a Finances locals |x Dret i legislació |x Espanya |x Congressos |9 28573 | ||
| 710 | |a Barcelona (Catalunya : Província). |b Àrea de Règim Interior, Hisenda i Planificació |9 53667 | ||
| 901 | |a Arxiu | ||
| 942 | |n 1 | ||
| 952 | |0 0 |1 0 |4 0 |6 D14 |7 1 |9 44871 |a Arxiu |b Arxiu |d 2016-12-01 |l 0 |o D-1-4 |p 8785 |r 2016-12-01 00:00:00 |w 2016-12-01 |y ARXIU | ||
| 999 | |c 47469 |d 47469 | ||